| 000 | 01007cam a22002771i 4500 | ||
|---|---|---|---|
| 001 | 7884584 | ||
| 005 | 20050803185610.0 | ||
| 008 | 790622s1960 enk | b 000 0 eng d | ||
| 010 | _a 48012771 | ||
| 035 | _a(OCoLC)5094449 | ||
| 040 |
_aDLC _cICarbS-L _dOCoLC _dCLU _dDLC |
||
| 042 | _apremarc | ||
| 050 | 0 | 0 |
_aJX3275 _b.S32 |
| 082 |
_a341 _bSCH _222 |
||
| 100 | 1 |
_aSchwarzenberger, Georg, _d1908- _99618 |
|
| 245 | 1 | 2 |
_aA Manual of International Law.Volume 1/ _bBy Georg Schwarzenberger _pVolume 1 |
| 250 |
_a4th ed. _bin two volumes |
||
| 260 |
_aLondon: _bStevens & Sons, _c1960 |
||
| 300 |
_a382 p.; _c22 cm. |
||
| 440 | 4 |
_aThe Library of world affairs ; _vno. 1 _99619 |
|
| 500 | _aDonated by: Alaa Abdel Ghany | ||
| 504 | _aIncludes bibliographical references. | ||
| 650 | 0 |
_aInternational law. _99620 |
|
| 942 |
_2ddc _cBB |
||
| 999 |
_c13033 _d13033 |
||